Show your ability with disability (Record no. 71060)
[ view plain ]
| 000 -LEADER | |
|---|---|
| fixed length control field | 01072cam a2200229 4500 |
| 001 - CONTROL NUMBER | |
| control field | ABS65797 |
| 008 - FIXED-LENGTH DATA ELEMENTS--GENERAL INFORMATION | |
| fixed length control field | 020902n2002 000 0 eng u |
| 035 ## - SYSTEM CONTROL NUMBER | |
| System control number | (Sirsi) u119531 |
| 100 ## - MAIN ENTRY--PERSONAL NAME | |
| Personal name | Fellowes, C. |
| 245 ## - TITLE STATEMENT | |
| Title | Show your ability with disability |
| 260 ## - PUBLICATION, DISTRIBUTION, ETC. | |
| Date of publication, distribution, etc. | 2002 |
| 490 ## - SERIES STATEMENT | |
| Series statement | Estates Gazette |
| Volume/sequential designation | (0233) 10 August 2002, 79(1) |
| 520 ## - SUMMARY, ETC. | |
| Summary, etc. | Discusses issues arrising from the Disability Discrimination Act 1995. (DDA) The physical alterations to buildings are not required to be completed until October 2004 to give service providers time to assess the alterations that may be required for a building. Argues that a consultant could be liable for a potential claim if he or she has not alerted the client to the requirements of the DDA. The DDA therefore applies to the services that consultants are providing now. |
| 590 ## - LOCAL NOTE (RLIN) | |
| Local note | ABS |
| 650 ## - SUBJECT ADDED ENTRY--TOPICAL TERM | |
| Topical term or geographic name entry element | DISABILITY DISCRIMINATION ACT 1995 |
| 650 ## - SUBJECT ADDED ENTRY--TOPICAL TERM | |
| Topical term or geographic name entry element | DDA |
| 650 ## - SUBJECT ADDED ENTRY--TOPICAL TERM | |
| Topical term or geographic name entry element | DISABLED PEOPLE |
| 650 ## - SUBJECT ADDED ENTRY--TOPICAL TERM | |
| Topical term or geographic name entry element | CONSULTANT |
| 650 ## - SUBJECT ADDED ENTRY--TOPICAL TERM | |
| Topical term or geographic name entry element | BUILDING ALTERATIONS |
| 690 ## - LOCAL SUBJECT ADDED ENTRY--TOPICAL TERM (OCLC, RLIN) | |
| Topical term or geographic name as entry element | BUILT ENVIRONMENT-CONSTRUCTION DESIGN |
| 942 ## - ADDED ENTRY ELEMENTS (KOHA) | |
| Suppress in OPAC | 0 |
| Withdrawn status | Lost status | Source of classification or shelving scheme | Damaged status | Not for loan | Home library | Current library | Shelving location | Date acquired | Total Checkouts | Full call number | Barcode | Date last seen | Copy number | Price effective from | Koha item type |
|---|---|---|---|---|---|---|---|---|---|---|---|---|---|---|---|
| Dewey Decimal Classification | London | London | Journal article | 02/09/2002 | ABS65797 | 119531-1001 | 06/08/2019 | 1 | 06/08/2019 | Journal article |